Sports Quiz

Random Sports or WWE Quiz

Most WWE Belts Quiz Stats

 Plays Quiz Updated Feb 9, 2018

Score 0/16 Timer 03:00
2 Plays Today
# of Belts Wrestler % Correct
9Triple H
92.5%
12John Cena
91.7%
4The Undertaker
82.4%
8The Rock
80.6%
9Randy Orton
76.2%
6Stone Cold Steve Austin
76.1%
6Hulk Hogan
75.8%
3Shawn Michaels
73.2%
# of Belts Wrestler % Correct
4Edge
67.2%
5Bret Hart
57.2%
3Roman Reigns
54.2%
4Kurt Angle
47.9%
4Brock Lesnar
45.2%
3Mankind
43.5%
3Sheamus
37.7%
3Daniel Bryan
37.5%

You're not logged in!

Compare scores with friends on all Sporcle quizzes.
OR
Log In

Sporcle TV

Today on Sporcle TV


Watch our educational content, quiz creation guides, and fun videos on Sporcle TV.

Show Comments

Extras

Top Quizzes Today


Score Distribution

Your Account Isn't Verified!

In order to create a playlist on Sporcle, you need to verify the email address you used during registration. Go to your Sporcle Settings to finish the process.

Report this User

Report this user for behavior that violates our Community Guidelines.

Details: